Time Management is Life Management/ (Record no. 178317)

MARC details
000 -LEADER
fixed length control field 00606 a2200193 4500
005 - DATE AND TIME OF LATEST TRANSACTION
control field 20260127125453.0
010 ## - LCCN (DPL NO)
LC control number ENG-129312 ENG-147664
020 ## - INTERNATIONAL STANDARD BOOK NUMBER
Terms of availability 250.00
International Standard Book Number 978-93-86759-65-8
035 ## - SYSTEM CONTROL NUMBER
System control number EN-112844
035 ## - SYSTEM CONTROL NUMBER
System control number EN-131196
037 ## - SOURCE OF ACQUISITION
Source of stock number/acquisition DBAD
082 14 - DEWEY DECIMAL CLASSIFICATION NUMBER
Classification number 650.11
100 ## - MAIN ENTRY--PERSONAL NAME
Personal name Sharma, Rinkal
245 1# - TITLE STATEMENT
Title Time Management is Life Management/
Statement of responsibility, etc Rinkal Sharma and Amit Sharma
260 ## - PUBLICATION, DISTRIBUTION, ETC. (IMPRINT)
Place of publication, distribution, etc New Delhi
Name of publisher, distributor, etc Diamond Pocket Books
Date of publication, distribution, etc 2021,2024
270 ## - ADDRESS
Address X-30, Okhla Indl. Area, Phase-II
City New Delhi
Postal code 110 020
300 ## - PHYSICAL DESCRIPTION
Extent 222p
Dimensions 21cm(pbk)
942 ## - ADDED ENTRY ELEMENTS (KOHA)
Institution code [OBSOLETE] dpl
Item type English Books
Source of classification or shelving scheme Dewey Decimal Classification
Classification part 650.11
Call number suffix SHA
Holdings
Withdrawn status Lost status Not for loan Collection code Home library Current library Date acquired Source of acquisition Cost, normal purchase price Full call number Barcode Copy number Cost, replacement price Koha item type
      Non-fiction Mobile Library Mobile Library 27/01/2026 Delivery of Books Act Division 250.00 650.11 SHA EN-131196 1 250.00 English Books
      Non-fiction Shahdara Branch Shahdara Branch 24/03/2021 DBAD/PUB 250.00 650.11 SHA EN-112844 1 250.00 English Books

© Delhi Public Library
Hit Counter
free hit counter